000 00249nmm a2200085Ia 4500
008 220120s9999||||xx |||||||||||||||||und||
100 _aPCQ-NOV-2006
_910944
245 0 _aFeaturing latest IT news, new products leaunches, interviws,
260 _bNew Delhi
999 _c138946
_d138946